Oxford student's dictionary of English

Đã lưu trong:
Sonraí Bibleagrafaíochta
Formáid: Leabhar
Teanga:Undetermined
Foilsithe: Oxford, New York Oxford Univ. Press 2001
Ábhair:
Clibeanna: Cuir Clib Leis
Gan Chlibeanna, Bí ar an gcéad duine leis an taifead seo a chlibeáil!
Thư viện lưu trữ: Trung tâm Học liệu Trường Đại học Cần Thơ
LEADER 00475nam a2200181Ia 4500
001 CTU_57595
008 210402s9999 xx 000 0 und d
020 |b 123000 
082 |a 423 
082 |b O.98 
245 0 |a Oxford student's dictionary of English 
260 |a Oxford, New York 
260 |b Oxford Univ. Press 
260 |c 2001 
650 |a english language 
650 |x dictionaries 
904 |i Minh 
980 |a Trung tâm Học liệu Trường Đại học Cần Thơ